League of Legends - Champions Piltover - Statistiques

Statistiques générales
  • Ce quiz a été pris 143 fois
  • Le résultat moyen est 7 sur 12
Statistiques - réponses
Réponse % Correct
Caitlyn
98%
Vi
94%
Jayce
93%
Heimerdinger
88%
Viktor
83%
Camille
63%
Blitzcrank
51%
Orianna
47%
Seraphine
47%
Ezreal
44%
Ziggs
23%
Shyvana
0%
Aucun quiz correspondant
Distribution des résultats
% des personnes avec chaque résultat
Percentile par nombre de réponses
Votre historique - résultats
Vous n’avez pas pris ce quiz